<?xml version="1.0" encoding="UTF-8"?>
<record
    xmlns:xsi="http://www.w3.org/2001/XMLSchema-instance"
    xsi:schemaLocation="http://www.loc.gov/MARC21/slim http://www.loc.gov/standards/marcxml/schema/MARC21slim.xsd"
    xmlns="http://www.loc.gov/MARC21/slim">

  <leader>00745nam a22001817a 4500</leader>
  <controlfield tag="005">20240104145035.0</controlfield>
  <datafield tag="010" ind1=" " ind2=" ">
    <subfield code="a">HIN-126654</subfield>
  </datafield>
  <datafield tag="020" ind1=" " ind2=" ">
    <subfield code="a">9789392747175</subfield>
    <subfield code="c">595.00</subfield>
  </datafield>
  <datafield tag="037" ind1=" " ind2=" ">
    <subfield code="b">DBAD/PUB</subfield>
  </datafield>
  <datafield tag="082" ind1=" " ind2=" ">
    <subfield code="a">370.954</subfield>
  </datafield>
  <datafield tag="100" ind1=" " ind2=" ">
    <subfield code="a">&#x935;&#x940;&#x930;&#x947;&#x928;&#x94D;&#x926;&#x94D;&#x930; &#x938;&#x93F;&#x902;&#x939; </subfield>
    <subfield code="9">60646</subfield>
  </datafield>
  <datafield tag="245" ind1=" " ind2=" ">
    <subfield code="a">&#x92D;&#x93E;&#x930;&#x924; &#x92E;&#x947;&#x902; &#x936;&#x93F;&#x915;&#x94D;&#x937;&#x93E; &#x915;&#x93E; &#x935;&#x93F;&#x915;&#x93E;&#x938;/</subfield>
    <subfield code="c">&#x935;&#x940;&#x930;&#x947;&#x928;&#x94D;&#x926; &#x938;&#x93F;&#x902;&#x939;</subfield>
  </datafield>
  <datafield tag="250" ind1=" " ind2=" ">
    <subfield code="a">1 </subfield>
  </datafield>
  <datafield tag="260" ind1=" " ind2=" ">
    <subfield code="a"> &#x926;&#x93F;&#x932;&#x94D;&#x932;&#x940;</subfield>
    <subfield code="b">&#x938;&#x926;&#x93E;&#x91A;&#x93E;&#x930; &#x92A;&#x94D;&#x930;&#x915;&#x93E;&#x936;&#x928;</subfield>
    <subfield code="c">2023</subfield>
  </datafield>
  <datafield tag="270" ind1=" " ind2=" ">
    <subfield code="a">1376, &#x926;&#x94D;&#x935;&#x940;&#x924;&#x940;&#x92F; &#x924;&#x932;, &#x915;&#x936;&#x94D;&#x92E;&#x940;&#x930;&#x940; &#x917;&#x947;&#x91F;</subfield>
    <subfield code="b"> &#x926;&#x93F;&#x932;&#x94D;&#x932;&#x940; </subfield>
    <subfield code="e">110006</subfield>
  </datafield>
  <datafield tag="300" ind1=" " ind2=" ">
    <subfield code="a">192 &#x92A;&#x943;.;</subfield>
    <subfield code="c">23  &#x938;&#x947;&#x92E;&#x940;.(&#x938;&#x91C;&#x93F;&#x932;&#x94D;&#x926;)</subfield>
  </datafield>
  <datafield tag="942" ind1=" " ind2=" ">
    <subfield code="2">ddc</subfield>
    <subfield code="c">HN</subfield>
    <subfield code="h">370.954</subfield>
    <subfield code="m">&#x935;&#x940;&#x930;&#x947;&#x928;&#x94D;&#x926;</subfield>
  </datafield>
  <datafield tag="999" ind1=" " ind2=" ">
    <subfield code="c">199957</subfield>
    <subfield code="d">199957</subfield>
  </datafield>
  <datafield tag="952" ind1=" " ind2=" ">
    <subfield code="0">0</subfield>
    <subfield code="1">0</subfield>
    <subfield code="4">0</subfield>
    <subfield code="7">0</subfield>
    <subfield code="8">NFIC</subfield>
    <subfield code="a">ZLS</subfield>
    <subfield code="b">ZLS</subfield>
    <subfield code="d">2024-01-04</subfield>
    <subfield code="e">DBAD/PUB</subfield>
    <subfield code="g">595.00</subfield>
    <subfield code="l">0</subfield>
    <subfield code="o">370.954 &#x935;&#x940;&#x930;&#x947;&#x928;&#x94D;&#x926;</subfield>
    <subfield code="p">HN-99000</subfield>
    <subfield code="r">2024-01-04 00:00:00</subfield>
    <subfield code="t">1</subfield>
    <subfield code="v">595.00</subfield>
    <subfield code="w">2024-01-04</subfield>
    <subfield code="y">HN</subfield>
  </datafield>
</record>
